Marketing Reserch (Record no. 503)

MARC details
000 -LEADER
fixed length control field 00419nam a22001697a 4500
005 - DATE AND TIME OF LATEST TRANSACTION
control field 20160504100534.0
008 - FIXED-LENGTH DATA ELEMENTS--GENERAL INFORMATION
fixed length control field 160504b xxu||||| |||| 00| 0 eng d
020 ## - INTERNATIONAL STANDARD BOOK NUMBER
ISBN 81-203-0961-8
041 ## - LANGUAGE CODE
Language code of text/sound track or separate title eng
082 ## - DEWEY DECIMAL CLASSIFICATION NUMBER
Classification number 1229
100 ## - MAIN ENTRY--AUTHOR NAME
Personal name Tulls. Donald. Hanloins I. Del
245 ## - TITLE STATEMENT
Title Marketing Reserch
260 ## - PUBLICATION, DISTRIBUTION, ETC. (IMPRINT)
Place of publication New Delhi
Name of publisher Prentice hall of India,
Year of publication 2000
300 ## - PHYSICAL DESCRIPTION
Number of Pages 863
650 ## - SUBJECT ADDED ENTRY--TOPICAL TERM
Topical Term Management
942 ## - ADDED ENTRY ELEMENTS (KOHA)
Koha item type Books
Holdings
Lost status Damaged status Collection code Home library Current library Shelving location Date acquired Cost, normal purchase price Full call number Accession Number Koha item type
    MANAGEMENT JRU Library   SHELF- 66 B 04/05/2016 295.00 1229 1229 Books